[Event "Vaujany 2022 Principal"]
[Site "Vaujany"]
[Date "2022.07.20"]
[Round "7.9"]
[White "Van Foreest, Matcheld"]
[Black "Horvath, Jozsef"]
[Result "0-1"]
[WhiteElo "2299"]
[BlackElo "2433"]
[PlyCount "106"]
[EventDate "2022.07.14"]
[EventType "swiss"]
[EventRounds "9"]
[EventCountry "FRA"]
[SourceVersionDate "2022.07.14"]

{[%evp 0,76,28,18,79,79,74,69,89,75,90,48,96,45,42,38,30,20,57,23,48,-129,37,
-8,-8,-9,-7,-53,2,-2,3,-21,-6,-18,-18,-33,53,-60,-27,-45,-23,-70,-58,-16,-70,
-98,-74,-109,-88,-88,-25,-66,-70,-88,-76,-90,-69,-84,-42,-60,-50,-62,-35,-30,
-33,-46,-37,-59,-30,-21,-48,-28,-21,-46,-24,-11,-69,-66,-68]} 1. e4 d6 2. d4
Nf6 3. Nc3 c6 4. Nf3 Bg4 5. Bf4 e6 6. Qd2 Nbd7 7. O-O-O d5 8. exd5 Nxd5 9. Nxd5
cxd5 10. Ne5 Nxe5 11. Bxe5 f6 12. f3 Bf5 13. g4 Bg6 14. Bg3 Rc8 15. Bb5+ Kf7
16. Bd3 Bd6 17. f4 f5 18. Rde1 fxg4 19. Bxg6+ hxg6 20. Qe2 Qf6 21. f5 exf5 22.
Qb5 Rhd8 23. Qxd5+ Kf8 24. Qxb7 f4 25. Rhf1 g5 26. Qe4 Kg8 27. Bf2 Qf7 28. d5
Bc5 29. Qe6 Bxf2 30. Rxf2 Re8 31. Qxf7+ Kxf7 32. Rg1 Rc5 33. d6 Rd5 34. b3 Kg6
35. Rxg4 Kh5 36. Rg1 Rxd6 37. h4 gxh4 38. Rxg7 Rf8 39. Rf3 Rg6 40. Rxg6 Kxg6
41. Kd2 Kg5 42. Ke2 Kg4 43. Rf1 f3+ 44. Kf2 Re8 45. Rg1+ Kf4 46. Rg7 Re2+ 47.
Kf1 h3 48. Rf7+ Ke3 49. Re7+ Kd2 50. Rxa7 h2 51. Rd7+ Kxc2 52. Rh7 Rg2 53. b4
Rg1+ 0-1

[Event "Vaujany 2022 Principal"]
[Site "Vaujany"]
[Date "2022.07.20"]
[Round "7.10"]
[White "Guilleux, F.."]
[Black "Le Goff, R.."]
[Result "1-0"]
[WhiteElo "2392"]
[BlackElo "2309"]
[PlyCount "49"]
[EventDate "2022.07.14"]
[EventType "swiss"]
[EventRounds "9"]
[EventCountry "FRA"]
[SourceVersionDate "2022.07.14"]

{[%evp 0,49,32,21,32,0,-3,-3,26,14,19,11,43,44,60,60,68,55,65,65,69,69,79,79,
54,63,47,53,69,74,73,50,66,71,80,64,70,69,81,76,81,76,81,65,120,93,121,125,390,
428,470,470]} 1. d4 d5 2. c4 e6 3. Nc3 Nf6 4. Bf4 Be7 5. e3 O-O 6. Bd3 c6 7.
cxd5 exd5 8. Nge2 Bg4 9. f3 Bh5 10. O-O Bg6 11. e4 dxe4 12. fxe4 Na6 13. Qd2
Nb4 14. Bb1 Rc8 15. Kh1 Qd7 16. h3 Na6 17. a3 Rcd8 18. Bc2 Rfe8 19. Rad1 Qc8
20. Qe3 Nc7 21. Bb3 Bf8 22. Bg5 Be7 23. Nf4 Nfd5 24. Nxg6 hxg6 25. exd5 1-0

[Event "Vaujany 2022 Principal"]
[Site "?"]
[Date "2022.07.20"]
[Round "7.11"]
[White "Eveno, Nathan"]
[Black "Di Nicolantonio, Lucas"]
[Result "0-1"]
[WhiteElo "2209"]
[BlackElo "2369"]
[PlyCount "70"]
[SourceVersionDate "2022.07.14"]

{[%evp 0,70,32,13,76,83,90,49,87,77,99,77,109,109,117,111,100,60,81,68,76,64,
54,71,66,18,0,19,21,28,25,11,28,25,41,47,40,22,0,-19,-5,-8,-32,-47,-32,-55,-62,
-62,-65,-83,-67,-59,-55,-72,-15,-24,16,-40,11,-14,54,-61,-70,-94,-32,-67,-83,
-129,-89,-161,-161,-540,-706]} 1. e4 g6 2. d4 Bg7 3. Nf3 d6 4. Nc3 a6 5. a4 b6
6. Bc4 e6 7. O-O Ne7 8. Be3 Bb7 9. Qd2 h6 10. Rae1 Nd7 11. h4 Nf6 12. Bd3 Ng4
13. Bf4 e5 14. dxe5 dxe5 15. Bg3 O-O 16. Qe2 Kh8 17. Bc4 Qe8 18. Nh2 Nxh2 19.
Bxh2 Nc6 20. h5 Nd4 21. Qd3 Rd8 22. Bd5 c6 23. Ba2 gxh5 24. Rd1 Qe7 25. Ne2 Qg5
26. c3 Nb3 27. Qc2 Nc5 28. Ng3 Bc8 29. Nf5 h4 30. Nxg7 Qxg7 31. f4 Rxd1 32.
Rxd1 Bg4 33. Rd6 Bf3 34. fxe5 Rg8 35. g3 hxg3 0-1

[Event "Vaujany 2022 Principal"]
[Site "Vaujany"]
[Date "2022.07.20"]
[Round "7.12"]
[White "Lamaze, Simon"]
[Black "Trabet, Nicolas"]
[Result "1-0"]
[WhiteElo "2366"]
[BlackElo "2180"]
[PlyCount "45"]
[EventDate "2022.07.14"]
[EventType "swiss"]
[EventRounds "9"]
[EventCountry "FRA"]
[SourceVersionDate "2022.07.14"]

{[%evp 0,45,28,31,33,-16,16,14,45,51,59,65,99,64,161,117,159,136,136,68,90,61,
69,71,113,90,98,45,96,57,91,18,67,38,70,98,580,593,593,593,593,593,593,515,525,
558,29985,29986]} 1. d4 Nf6 2. c4 c5 3. d5 b5 4. cxb5 a6 5. bxa6 g6 6. Nc3 Bg7
7. e4 O-O 8. e5 Ne8 9. h4 d6 10. e6 fxe6 11. h5 Nf6 12. hxg6 hxg6 13. Bd3 exd5
14. Bxg6 d4 15. Ne4 d5 16. Ng5 Rxa6 17. Qc2 Re6+ 18. Nxe6 Bxe6 19. Bh7+ Nxh7
20. Qxh7+ Kf7 21. Nf3 Qd6 22. Ng5+ Kf6 23. Rh6+ 1-0

[Event "Vaujany 2022 Principal"]
[Site "Vaujany"]
[Date "2022.07.20"]
[Round "7.13"]
[White "Breuil, C.."]
[Black "Das, Arghyadip"]
[Result "0-1"]
[WhiteElo "2072"]
[BlackElo "2474"]
[PlyCount "70"]
[EventDate "2022.07.14"]
[EventType "swiss"]
[EventRounds "9"]
[EventCountry "FRA"]
[SourceVersionDate "2022.07.14"]

{[%evp 0,70,16,28,37,40,92,80,79,69,94,67,55,67,118,75,70,49,48,37,37,39,38,7,
-7,-36,-33,-56,-62,-136,-131,-142,-129,-172,-166,-198,-42,-100,-100,-147,-121,
-122,-122,-204,-197,-197,-165,-223,-223,-221,-202,-223,-224,-199,-208,-421,
-274,-548,-460,-633,-632,-632,-644,-644,-696,-696,-696,-707,-709,-863,-732,
-1339,-889]} 1. e4 Nc6 2. d4 d6 3. Nf3 Nf6 4. Nc3 Bg4 5. Be2 e5 6. d5 Ne7 7.
Be3 Ng6 8. h3 Bd7 9. Bc4 Be7 10. a4 a6 11. Qd3 O-O 12. b4 Nh5 13. g4 Nhf4 14.
Bxf4 Nxf4 15. Qf1 c6 16. Ne2 cxd5 17. Nxf4 exf4 18. Bxd5 Bf6 19. Ra3 Qb6 20. c3
a5 21. Qd3 axb4 22. Rb3 Qc7 23. Nd4 Rxa4 24. O-O bxc3 25. Ne2 c2 26. Rxb7 Qc8
27. Rb6 Ra1 28. Rc1 Bxg4 29. hxg4 Qxg4+ 30. Kf1 Rxc1+ 31. Nxc1 Qd1+ 32. Kg2 f3+
33. Qxf3 Qxc1 34. Bxf7+ Kh8 35. Rb5 Qh6 0-1

[Event "Vaujany 2022 Principal"]
[Site "?"]
[Date "2022.07.20"]
[Round "7.14"]
[White "Philippe, Guillaume"]
[Black "Fodor, Balazs"]
[Result "1/2-1/2"]
[WhiteElo "2413"]
[BlackElo "2166"]
[PlyCount "48"]
[SourceVersionDate "2022.07.14"]

1. b3 d5 2. Bb2 Nf6 3. Nf3 h6 4. d3 Bf5 5. h3 e6 6. g4 Bh7 7. Nbd2 Nbd7 8. Bg2
c6 9. O-O Be7 10. Qe1 O-O 11. e4 dxe4 12. dxe4 Qc7 13. g5 hxg5 14. Nxg5 Bg6 15.
f4 Nh5 16. Qh4 Qa5 17. Ndf3 Nhf6 18. Qe1 Qxe1 19. Raxe1 Rfe8 20. h4 Rad8 21.
Bh3 Bf8 22. f5 exf5 23. exf5 Bh5 24. Rxe8 Rxe8 1/2-1/2

[Event "Vaujany 2022 Principal"]
[Site "?"]
[Date "2022.07.20"]
[Round "7.20"]
[White "Ongut, Tamas"]
[Black "Bat, Bilguun"]
[Result "1-0"]
[WhiteElo "2307"]
[BlackElo "2162"]
[PlyCount "79"]
[SourceVersionDate "2022.07.14"]

{[%evp 0,14,27,10,79,55,75,80,85,70,72,75,84,64,50,48,51]} 1. e4 d6 2. d4 Nf6
3. Nc3 g6 4. Nf3 Bg7 5. Be3 c6 6. Qd2 b5 7. Bd3 O-O 8. h3 Bb7 9. Bh6 Nbd7 10.
Bxg7 Kxg7 11. e5 Ne8 12. h4 h5 13. e6 fxe6 14. Bxg6 Nef6 15. Qg5 Rg8 16. Bxh5+
Kh7 17. Qf4 Nf8 18. Ng5+ Kg7 19. Bf7 Rh8 20. h5 Rh6 21. Nxe6+ Nxe6 22. Bxe6 Qf8
23. g4 (23. Bg4) 23... Nh7 24. Bf5 c5 25. Rg1 e6 26. O-O-O c4 27. g5 Rxh5 28.
g6 Rxf5 29. gxh7+ Kxh7 30. Qg3 Qh6+ 31. Kb1 Rd8 32. d5 b4 33. Rh1 Rh5 34. Qf3
Rxh1 35. Rxh1 Qxh1+ 36. Qxh1+ Kg7 37. Qg1+ Kf7 38. dxe6+ Kxe6 39. Qg6+ Kd7 40.
Qf7+ 1-0

[Event "Vaujany 2022 Principal"]
[Site "?"]
[Date "2022.07.20"]
[Round "7.29"]
[White "Jaulin, Marc"]
[Black "Bokorovics, Bertalan"]
[Result "1/2-1/2"]
[WhiteElo "1977"]
[BlackElo "2263"]
[PlyCount "75"]
[SourceVersionDate "2022.07.14"]

1. e4 c5 2. Nc3 d6 3. d4 cxd4 4. Qxd4 Nc6 5. Qd2 g6 6. b3 Bh6 7. f4 Nf6 8. Bb2
O-O 9. O-O-O e5 10. g3 Re8 11. Re1 Nd4 12. Kb1 Bd7 13. Bg2 b5 14. Nge2 Nxe2 15.
Rxe2 b4 16. Nd5 Nxd5 17. Qxd5 Be6 18. Qd3 Qb6 19. Bc1 Bc8 20. Ree1 a5 21. Rd1
Bf8 22. Be3 Qc7 23. f5 a4 24. Qd2 Bb7 25. Qf2 Rec8 26. fxg6 fxg6 27. Rhf1 Ra6
28. Bh3 axb3 29. Be6+ Kh8 30. Bxb3 Bxe4 31. Qxf8+ Rxf8 32. Rxf8+ Kg7 33. Rg8+
Kf6 34. Rf1+ Bf5 35. Rf8+ Kg7 36. Rg8+ Kf6 37. Rf8+ Kg7 38. Rg8+ 1/2-1/2

[Event "Vaujany 2022 Principal"]
[Site "Vaujany"]
[Date "2022.07.20"]
[Round "7.33"]
[White "Canivet, Arnaud"]
[Black "Frick, Christoph"]
[Result "0-1"]
[WhiteElo "1935"]
[BlackElo "2118"]
[PlyCount "66"]
[EventDate "2022.07.14"]
[EventType "swiss"]
[EventRounds "9"]
[EventCountry "FRA"]
[SourceVersionDate "2022.07.14"]

{[%evp 0,66,31,32,30,-24,40,23,31,24,58,16,15,25,34,33,30,52,46,43,34,38,39,49,
45,55,43,50,53,31,72,47,71,25,28,26,15,17,179,140,30,-27,-1,-112,-115,-162,
-247,-238,-266,-245,-256,-319,-319,-319,-104,-887,-378,-375,-378,-382,-404,
-701,-762,-729,-1063,-881,-582,-957,-1238]} 1. d4 d5 2. c4 c6 3. Nf3 Nf6 4. e3
Bg4 5. Nc3 e6 6. h3 Bxf3 7. Qxf3 Nbd7 8. Bd3 Bb4 9. Bd2 O-O 10. a3 Ba5 11. cxd5
exd5 12. b4 Bc7 13. b5 Re8 14. O-O Nf8 15. bxc6 bxc6 16. Rfc1 Ne6 17. h4 c5 18.
dxc5 d4 19. Ne4 dxe3 20. Nxf6+ gxf6 21. Qxe3 Ng5 22. Qxe8+ Qxe8 23. hxg5 Rd8
24. Rc3 Qe5 25. Re1 Qh2+ 26. Kf1 Ba5 27. Rc2 Qh1+ 28. Ke2 Re8+ 29. Kf3 Rxe1 30.
Bxa5 Qh5+ 31. Kg3 Qxg5+ 32. Kf3 Re8 33. Rc4 Qd5+ 0-1

[Event "Vaujany 2022 Principal"]
[Site "?"]
[Date "2022.07.21"]
[Round "8.1"]
[White "Can, Isik"]
[Black "Bauer, Chrisitian"]
[Result "1/2-1/2"]
[WhiteElo "2445"]
[BlackElo "2609"]
[PlyCount "112"]
[SourceVersionDate "2022.07.14"]

{[%evp 0,97,24,13,86,51,39,50,14,29,79,72,72,72,64,54,44,68,45,51,35,31,24,34,
34,53,55,27,30,33,68,78,91,72,112,24,74,48,24,37,53,52,52,27,64,60,72,50,53,57,
57,63,105,106,101,92,91,91,91,103,110,121,116,110,144,64,60,66,78,69,84,72,103,
108,100,60,73,73,64,24,38,48,32,102,104,108,119,77,125,119,156,87,83,160,159,
159,138,140,135,122]} 1. e4 c5 2. Nf3 Nc6 3. d4 cxd4 4. Nxd4 Qb6 5. Nb3 Nf6 6.
Nc3 e6 7. Qe2 Bb4 8. Bd2 O-O 9. a3 Be7 10. O-O-O d5 11. exd5 exd5 12. Be3 Qc7
13. h3 Be6 14. g4 Rac8 15. Kb1 Rfe8 16. Bg2 Bf8 17. g5 Ne4 18. Nxd5 Qe5 19. Bf4
Nc3+ 20. Nxc3 Qxf4 21. Qe3 Qxe3 22. fxe3 Bxb3 23. cxb3 Rxe3 24. Rd7 Re7 25.
Rhd1 Rce8 26. Rxb7 Rxb7 27. Bxc6 Reb8 28. Bxb7 Rxb7 29. b4 f6 30. gxf6 gxf6 31.
Ne4 Kf7 32. Nd6+ Bxd6 33. Rxd6 Kg6 34. Kc2 Kf5 35. Kd3 Ke5 36. Ra6 Rg7 37. b5
f5 38. a4 f4 39. a5 Rd7+ 40. Ke2 Rd5 41. b6 axb6 42. b4 Ke4 43. Rxb6 f3+ 44.
Ke1 Rh5 45. a6 Rxh3 46. b5 Rh1+ 47. Kf2 Rh2+ 48. Kg3 Rg2+ 49. Kh3 Ra2 50. Rb7
h5 51. a7 f2 52. Kg2 h4 53. b6 h3+ 54. Kf1 Kf3 55. Rf7+ Ke3 56. Re7+ Kf3
1/2-1/2

[Event "Vaujany 2022 Principal"]
[Site "Vaujany"]
[Date "2022.07.21"]
[Round "8.2"]
[White "Bailet, Pierre"]
[Black "Barua, Dibyendu"]
[Result "1-0"]
[WhiteElo "2508"]
[BlackElo "2393"]
[PlyCount "95"]
[EventDate "2022.07.14"]
[EventType "swiss"]
[EventRounds "9"]
[EventCountry "FRA"]
[SourceVersionDate "2022.07.14"]

1. e4 e6 2. d4 d5 3. Nd2 Nf6 4. e5 Nfd7 5. Bd3 c5 6. c3 Nc6 7. Ngf3 g6 8. h4 h6
9. Be2 Qb6 10. Nb3 cxd4 11. cxd4 a5 12. a4 Bb4+ 13. Kf1 Qd8 14. Be3 Bf8 15. Nc1
b6 16. Rh3 Ba6 17. Bxa6 Rxa6 18. Nd3 Ra8 19. h5 g5 20. Nh2 Rc8 21. f4 gxf4 22.
Nxf4 Nb4 23. Rc1 Be7 24. Rc3 Na2 25. Qg4 Nf8 26. Nxd5 Nxc3 27. Nxc3 Qc7 28. Qe4
Qc4+ 29. Kg1 Nd7 30. Ng4 Qb3 31. Bxh6 Rg8 32. Kh2 Qxb2 33. Nb5 Qc2 34. Qf4 Qh7
35. Nf6+ Nxf6 36. exf6 Bb4 37. Bg7 Rxg7 38. fxg7 Qxg7 39. h6 Qh7 40. d5 exd5
41. Nd6+ Bxd6 42. Qxd6 Rc4 43. Qxd5 Re4 44. Qc6+ Ke7 45. Qxb6 Re1 46. Qc7+ Ke8
47. Qxa5 Qb1 48. Qb5+ 1-0

[Event "Vaujany 2022 Principal"]
[Site "Vaujany"]
[Date "2022.07.21"]
[Round "8.3"]
[White "Flear, Glenn C"]
[Black "Hamdouchi, Hicham"]
[Result "1-0"]
[WhiteElo "2409"]
[BlackElo "2536"]
[PlyCount "139"]
[EventDate "2022.07.14"]
[EventType "swiss"]
[EventRounds "9"]
[EventCountry "FRA"]
[SourceVersionDate "2022.07.14"]

1. d4 Nf6 2. c4 d6 3. Nc3 e5 4. Nf3 Nbd7 5. Bg5 h6 6. Bxf6 Qxf6 7. e3 g6 8. Be2
Bg7 9. O-O O-O 10. Qc2 Qe7 11. Rad1 c6 12. b4 Re8 13. b5 Nf6 14. bxc6 bxc6 15.
c5 exd4 16. cxd6 Qxd6 17. Nxd4 Ng4 18. Bxg4 Bxg4 19. Rd2 Rad8 20. Ne4 Qe5 21.
Nxc6 Rxd2 22. Nxd2 Qc7 23. Rc1 Rc8 24. Qe4 Be6 25. Ne7+ Qxe7 26. Rxc8+ Kh7 27.
Rc6 Qd8 28. Qc2 Qa5 29. Rxe6 fxe6 30. h4 Kg8 31. Nf3 Kf7 32. Qc4 Bf6 33. a4 Qd8
34. Qf4 Kg7 35. g3 g5 36. hxg5 hxg5 37. Qe4 Qd5 38. Qxd5 exd5 39. Kf1 Kf7 40.
g4 Ke7 41. Nd4 a6 42. Ke2 Kd6 43. Nb3 Be5 44. Kd3 Kc6 45. Nd4+ Kd6 46. f3 Kd7
47. Ne2 Bg7 48. Nd4 Be5 49. e4 Kd6 50. Nf5+ Kc5 51. Ne7 dxe4+ 52. fxe4 Bf6 53.
Nd5 Bd8 54. Ne3 Bc7 55. Nc4 Bf4 56. Kc3 Bc7 57. Kd3 Bf4 58. Na5 Bc7 59. Nb3+
Kd6 60. Kc4 Ke5 61. Nc5 Bd6 62. Nxa6 Kxe4 63. a5 Kf3 64. Kd5 Bf4 65. Nc5 Bc7
66. a6 Bb6 67. Nd7 Ba7 68. Nf6 Be3 69. Ke5 Kg3 70. Kf5 1-0

[Event "Vaujany 2022 Principal"]
[Site "Vaujany"]
[Date "2022.07.21"]
[Round "8.4"]
[White "Sengupta, Deep"]
[Black "Lamaze, Simon"]
[Result "1/2-1/2"]
[WhiteElo "2534"]
[BlackElo "2366"]
[PlyCount "91"]
[EventDate "2022.07.14"]
[EventType "swiss"]
[EventRounds "9"]
[EventCountry "FRA"]
[SourceVersionDate "2022.07.14"]

{[%evp 0,91,19,21,72,4,32,5,21,-36,-50,-30,-37,-28,-16,-16,-16,-38,2,-11,1,-48,
-18,-7,-1,-55,-12,-12,-13,-12,-12,-15,-15,-15,18,11,11,1,23,32,31,17,38,39,40,
45,36,12,26,27,29,23,18,18,16,-16,-11,0,19,-2,19,-2,20,20,20,19,21,17,16,13,13,
16,16,16,16,11,31,26,29,13,12,15,21,17,19,10,1,5,10,9,10,10,10,0]} 1. e4 c5 2.
Na3 d6 3. c3 Nf6 4. g3 Nc6 5. Bg2 e5 6. Ne2 d5 7. exd5 Nxd5 8. O-O Bg4 9. h3
Be6 10. d4 exd4 11. cxd4 Be7 12. Nb5 a6 13. Nbc3 O-O 14. dxc5 Nxc3 15. Nxc3
Bxc5 16. Bf4 Qxd1 17. Rfxd1 Rfd8 18. Na4 Rxd1+ 19. Rxd1 Ba7 20. b3 Rd8 21.
Rxd8+ Nxd8 22. Bd6 Bd4 23. Kf1 Bd7 24. Bc5 Bb5+ 25. Ke1 Bxc5 26. Nxc5 b6 27.
Na4 Bxa4 28. bxa4 Kf8 29. Kd2 Ke7 30. Kc3 Kd6 31. Bf1 a5 32. Kc4 f6 33. Bd3 h6
34. Be4 Ne6 35. Bf5 Nc7 36. Bg6 Nd5 37. h4 Ne7 38. Be4 g5 39. Kd4 Ke6 40. Kc4
Kd6 41. Bc2 Nc6 42. Bd1 Ne5+ 43. Kd4 gxh4 44. gxh4 Ng6 45. h5 Ne7 46. Bb3
1/2-1/2

[Event "Vaujany 2022 Principal"]
[Site "?"]
[Date "2022.07.21"]
[Round "8.5"]
[White "Celik, Hasan Huseyin"]
[Black "Degraeve, Jean-Marc"]
[Result "0-1"]
[WhiteElo "2363"]
[BlackElo "2519"]
[PlyCount "116"]
[SourceVersionDate "2022.07.14"]

1. e4 e5 2. Nf3 Nc6 3. d4 exd4 4. Nxd4 Nf6 5. Nc3 Nxe4 6. Nxe4 Qe7 7. Be2 Qxe4
8. Nb5 Bb4+ 9. c3 Ba5 10. O-O O-O 11. Be3 a6 12. Na3 b5 13. Bf3 Qg6 14. b4 Bb6
15. Bxb6 cxb6 16. c4 Rb8 17. cxb5 Nxb4 18. Qd2 a5 19. Nc4 d6 20. Rfd1 Be6 21.
Ne3 Rfc8 22. a3 Nc2 23. Nxc2 Qxc2 24. Qxd6 Qc5 25. Bc6 Qxd6 26. Rxd6 Rd8 27.
Rad1 Rxd6 28. Rxd6 Kf8 29. f4 Ke7 30. Rd2 h6 31. Kf2 g5 32. Kf3 Rg8 33. Rd4
gxf4 34. Kxf4 Rg5 35. Ke3 Rc5 36. Kd2 Bf5 37. Rh4 Rc2+ 38. Kd1 Ra2 39. Rxh6
Rxa3 40. Kc1 Ra1+ 41. Kb2 Rb1+ 42. Kc3 a4 43. Rh4 Rb3+ 44. Kd2 a3 45. Ra4 Kd6
46. h4 Bb1 47. h5 a2 48. Kc1 Kc5 49. h6 Rb4 50. Ra7 Rh4 51. Kb2 f6 52. Rd7 Rxh6
53. Rd5+ Kc4 54. Rd2 Rh5 55. Rf2 Rf5 56. Re2 Bd3 57. Re1 Rf2+ 58. Ka1 Kb3 0-1

[Event "Vaujany 2022 Principal"]
[Site "Vaujany"]
[Date "2022.07.21"]
[Round "8.6"]
[White "Horvath, J.."]
[Black "Guilleux, F.."]
[Result "1/2-1/2"]
[WhiteElo "2433"]
[BlackElo "2392"]
[PlyCount "128"]
[EventDate "2022.07.14"]
[EventType "swiss"]
[EventRounds "9"]
[EventCountry "FRA"]
[SourceVersionDate "2022.07.14"]

1. Nf3 d5 2. g3 c5 3. Bg2 Nf6 4. O-O Nc6 5. c4 e5 6. cxd5 Nxd5 7. Qa4 Nb6 8.
Qd1 Bd6 9. Nc3 O-O 10. d3 f6 11. a4 Na5 12. Nd2 Be6 13. b3 Be7 14. Nc4 Nc6 15.
Ne3 Rc8 16. a5 Na8 17. a6 b6 18. Ncd5 Bd6 19. Bd2 Qd7 20. Nc4 Bb8 21. e4 Nc7
22. Nce3 Ne7 23. Nxb6 axb6 24. a7 Bxa7 25. Rxa7 Qxd3 26. Nc4 Bxc4 27. bxc4 Qxc4
28. Bh3 Qxe4 29. Qb3+ c4 30. Qxb6 Ned5 31. Qc6 f5 32. Ba5 Qd4 33. Bxc7 Qxa7 34.
Qxd5+ Kh8 35. Bxe5 c3 36. Bxf5 Qc5 37. Qxc5 Rxc5 38. Bd6 Rfxf5 39. Bxc5 Rxc5
40. Rc1 Kg8 41. Kf1 g5 42. Ke2 Kg7 43. Kd3 Rf5 44. Ke3 g4 45. Ke2 Rf3 46. h3 h5
47. hxg4 hxg4 48. Rd1 Kg6 49. Rd3 c2 50. Rd6+ Kg5 51. Rc6 Rb3 52. Rc5+ Kg6 53.
Rxc2 Kg5 54. Rc5+ Kg6 55. Rd5 Rf3 56. Rd3 Rf5 57. Rd8 Rf7 58. Rg8+ Kh5 59. Kf1
Rf3 60. Kg1 Rf7 61. Kg2 Rf6 62. Rg7 Rf8 63. Kg1 Rf3 64. Rg8 Rf7 1/2-1/2

[Event "Vaujany 2022 Principal"]
[Site "?"]
[Date "2022.07.21"]
[Round "8.7"]
[White "Di Nicolantonio, Lucas"]
[Black "Degraeve, Remy"]
[Result "1/2-1/2"]
[WhiteElo "2369"]
[BlackElo "2403"]
[PlyCount "134"]
[SourceVersionDate "2022.07.14"]

1. Nf3 Nf6 2. c4 c5 3. Nc3 e6 4. e3 d5 5. cxd5 exd5 6. d4 a6 7. Bd3 Nc6 8. O-O
c4 9. Bc2 Bb4 10. Ne5 O-O 11. f4 Ne7 12. f5 Re8 13. Bd2 Nc6 14. Ng4 Bxc3 15.
Nxf6+ Qxf6 16. bxc3 Ne7 17. Qh5 h6 18. g4 Qg5 19. Qxg5 hxg5 20. e4 dxe4 21.
Bxe4 f6 22. Rab1 Rb8 23. Rfe1 b5 24. Bc6 Bb7 25. Bxe8 Rxe8 26. a4 Bc6 27. axb5
Bxb5 28. Ra1 Kf7 29. Kf2 Rd8 30. Kg3 Nd5 31. Re6 Rd7 32. Kf3 Rd8 33. h3 Rh8 34.
Kg3 Rd8 35. Ra3 g6 36. Raxa6 Bxa6 37. Rxa6 gxf5 38. gxf5 Rb8 39. Ra7+ Ke8 40.
Kf3 Nxc3 41. Bxc3 Rb3 42. Ke4 Rxc3 43. Kd5 Rxh3 44. Kxc4 Rf3 45. Kd5 Re3 46.
Kd6 g4 47. Rg7 g3 48. d5 Kf8 49. Rg6 Kf7 50. Kd7 Re5 51. d6 Rxf5 52. Rxg3 Rc5
53. Kd8 f5 54. d7 f4 55. Rg4 Rc4 56. Rg5 Kf6 57. Rd5 Kf7 58. Rb5 Kf6 59. Rb6+
Kf5 60. Ke7 Re4+ 61. Kf7 Rd4 62. Ke7 Rxd7+ 63. Kxd7 f3 64. Rb1 Ke4 65. Ke6 f2
66. Rf1 Ke3 67. Rxf2 Kxf2 1/2-1/2

[Event "Vaujany 2022 Principal"]
[Site "?"]
[Date "2022.07.21"]
[Round "8.8"]
[White "Joie, Sebastien"]
[Black "Piceu, Tom"]
[Result "0-1"]
[WhiteElo "2364"]
[BlackElo "2320"]
[PlyCount "68"]
[SourceVersionDate "2022.07.14"]

1. Nf3 Nf6 2. g3 g6 3. c4 Bg7 4. d4 c5 5. Bg2 O-O 6. O-O Nc6 7. dxc5 Qa5 8. Nc3
Qxc5 9. b3 d6 10. Bb2 Bf5 11. Rc1 Qa5 12. Nh4 Be6 13. Qe1 Rac8 14. e4 Ng4 15.
h3 Nge5 16. Qe2 Nd4 17. Qd1 g5 18. Nd5 Bxd5 19. exd5 Nxb3 20. axb3 gxh4 21.
Bxe5 Bxe5 22. Qg4+ Kh8 23. Be4 e6 24. b4 Qxb4 25. dxe6 fxe6 26. Qxe6 hxg3 27.
fxg3 Qd2 28. Bf3 Rce8 29. Qd5 Qg5 30. Rc2 Qxg3+ 31. Rg2 Qxh3 32. Rff2 Qh4 33.
Rg4 Rg8 34. Qe4 Rxg4+ 0-1

[Event "Vaujany 2022 Principal"]
[Site "Vaujany"]
[Date "2022.07.21"]
[Round "8.9"]
[White "Das, Arghyadip"]
[Black "Laurent, Julien G"]
[Result "1-0"]
[WhiteElo "2474"]
[BlackElo "2266"]
[PlyCount "33"]
[EventDate "2022.07.14"]
[EventType "swiss"]
[EventRounds "9"]
[EventCountry "FRA"]
[SourceVersionDate "2022.07.14"]

1. e4 c5 2. Nc3 g6 3. d4 Bg7 4. dxc5 Qa5 5. Bd2 Qxc5 6. Nd5 b6 7. Be3 Qc6 8.
Bb5 Qb7 9. Bf4 e5 10. Bg5 Nc6 11. Ne2 h6 12. Bh4 a6 13. Bc4 b5 14. Bb3 Na5 15.
Qd2 Nc4 16. Bxc4 bxc4 17. Qa5 1-0

[Event "Vaujany 2022 Principal"]
[Site "Vaujany"]
[Date "2022.07.21"]
[Round "8.10"]
[White "Das, Sayantan"]
[Black "Bandet, Raphael"]
[Result "1-0"]
[WhiteElo "2449"]
[BlackElo "2173"]
[PlyCount "65"]
[EventDate "2022.07.14"]
[EventType "swiss"]
[EventRounds "9"]
[EventCountry "FRA"]
[SourceVersionDate "2022.07.14"]

1. e4 c5 2. Nf3 g6 3. c3 Bg7 4. d4 cxd4 5. cxd4 d5 6. e5 Bg4 7. Bb5+ Nd7 8. Nc3
a6 9. Ba4 b5 10. Bb3 Nb6 11. h3 Bxf3 12. Qxf3 e6 13. h4 h5 14. a4 b4 15. a5 Nc8
16. Ne2 Nh6 17. Bd2 O-O 18. Bxb4 Ne7 19. Bc2 f6 20. Qh3 Ng4 21. f3 Ne3 22.
Qxe6+ Rf7 23. Bd3 fxe5 24. dxe5 Rb8 25. Bc5 Bh6 26. Bxg6 Nxg6 27. Qxg6+ Rg7 28.
Qxh6 Nc2+ 29. Kf2 Nxa1 30. Qe6+ Kh8 31. Bb6 Qc8 32. Qxc8+ Rxc8 33. Rxa1 1-0

[Event "Vaujany 2022 Principal"]
[Site "?"]
[Date "2022.07.21"]
[Round "8.11"]
[White "Bruneau, Laurent"]
[Black "Ongut, Tamas Gunes"]
[Result "1-0"]
[WhiteElo "2167"]
[BlackElo "2307"]
[PlyCount "75"]
[SourceVersionDate "2022.07.14"]

1. d4 Nf6 2. Nf3 g6 3. e3 Bg7 4. b3 O-O 5. Bb2 d6 6. Be2 Bf5 7. O-O Nc6 8. c4
Ne4 9. Nc3 a5 10. a3 e5 11. Rc1 h5 12. Nxe4 Bxe4 13. Nd2 Bf5 14. d5 Nb8 15. c5
Na6 16. cxd6 cxd6 17. a4 Nb4 18. e4 Bc8 19. Nc4 Bh6 20. Rb1 f5 21. f3 h4 22.
Kh1 Kh7 23. Bc3 Rb8 24. Nxa5 Qxa5 25. Qe1 fxe4 26. Bxb4 Qb6 27. fxe4 Rxf1+ 28.
Bxf1 Bd7 29. a5 Qe3 30. Qxe3 Bxe3 31. Bxd6 Rc8 32. Bc4 Bd4 33. Rf1 Kg7 34. h3
g5 35. Be7 Kg6 36. d6 g4 37. hxg4 Bxg4 38. Rf6+ 1-0

[Event "Vaujany 2022 Principal"]
[Site "?"]
[Date "2022.07.21"]
[Round "8.12"]
[White "Dudognon, Thibault"]
[Black "Sabatier, Mathis"]
[Result "1-0"]
[WhiteElo "2302"]
[BlackElo "2075"]
[PlyCount "237"]
[SourceVersionDate "2022.07.14"]

1. e4 e5 2. Nf3 Nc6 3. Nc3 Nf6 4. d4 exd4 5. Nxd4 Bb4 6. Nxc6 bxc6 7. Bd3 d5 8.
exd5 cxd5 9. O-O O-O 10. Bg5 Bxc3 11. bxc3 h6 12. Bh4 Qd6 13. Re1 Bg4 14. Qd2
Rfe8 15. h3 Bd7 16. Bg3 Qc6 17. Be5 Ne4 18. Qf4 Nc5 19. Qg3 f6 20. Bf4 f5 21.
Bxc7 Ne4 22. Bxe4 fxe4 23. Be5 Re7 24. Bd4 Bf5 25. Rab1 Qg6 26. Qh4 Rae8 27.
Re3 Qa6 28. Rb8 Qd6 29. Rxe8+ Rxe8 30. Rg3 Bg6 31. Qg4 Kh7 32. h4 h5 33. Qd1 a6
34. Rg5 Rf8 35. g4 e3 36. gxh5 exf2+ 37. Bxf2 Be4 38. Bd4 Rf7 39. Qg4 Qd7 40.
Qg3 Qb7 41. Kh2 Bxc2 42. h6 g6 43. h5 Qb2 44. Qg2 Qb1 45. Qxd5 Qf1 46. Qe5 Qf4+
47. Qxf4 Rxf4 48. hxg6+ Bxg6 49. Kg3 Re4 50. Kf3 Rh4 51. Bg7 Ra4 52. Rc5 Rxa2
53. Rc8 Bf5 54. Rh8+ Kg6 55. Be5 a5 56. h7 Kh6 57. Bf4+ Kg7 58. Be5+ Kh6 59. c4
Rc2 60. Bf4+ Kg7 61. Be5+ Kh6 62. Rc8 Kxh7 63. Rc7+ Kg8 64. Kf4 Be6 65. c5 Rf2+
66. Ke4 a4 67. Ra7 Rc2 68. Bd6 Rc3 69. Ke5 Bb3 70. Ra6 Kf7 71. c6 Re3+ 72. Kd4
Re8 73. Kc5 Rc8 74. Ra7+ Kg6 75. Bg3 Bc2 76. Kd5 Be4+ 77. Kxe4 Rxc6 78. Rxa4
Re6+ 79. Kd5 Rb6 80. Rg4+ Kf5 81. Rf4+ Kg6 82. Rf1 Rb5+ 83. Ke6 Rb6+ 84. Bd6
Rb5 85. Rf8 Rb7 86. Ra8 Rh7 87. Be5 Rb7 88. Rg8+ Kh7 89. Rg3 Ra7 90. Rg1 Rb7
91. Kf5 Rb5 92. Rg7+ Kh6 93. Rg6+ Kh7 94. Rg2 Ra5 95. Rh2+ Kg8 96. Rh8+ Kf7 97.
Rh7+ Kg8 98. Rb7 Ra2 99. Bf6 Rg2 100. Rd7 Rg1 101. Bg5 Re1 102. Kg6 Kf8 103.
Rd2 Re4 104. Kf6 Ke8 105. Kf5 Re1 106. Rd4 Re2 107. Rd1 Kf7 108. Bh4 Rg2 109.
Rd7+ Kg8 110. Bg5 Re2 111. Kf6 Re1 112. Rd8+ Kh7 113. Kf7 Rb1 114. Rd2 Rb7+
115. Be7 Rb6 116. Ra2 Rc6 117. Bd8 Rd6 118. Bf6 Rd7+ 119. Be7 1-0